Loading...
| History - American | 0 | 8 | 0 | 1 | 80 | 75 | 95.13 | 4 | 8 | 0.00 | 0.00 |
| History - World | 0 | 7 | 1 | 2 | 65 | 54 | 98.57 | 3 | 7 | 0.00 | 0.00 |
| Fine Arts - Classical Music | 0 | 5 | 0 | 0 | 50 | 114 | 121.20 | 2 | 5 | 0.00 | 0.00 |
| History - Other | 0 | 5 | 1 | 1 | 45 | 91 | 122.20 | 2 | 5 | 0.00 | 0.00 |
| Literature - World | 0 | 4 | 1 | 1 | 35 | 81 | 114.75 | 0 | 4 | 0.00 | 0.00 |
| Social Science | 0 | 4 | 2 | 1 | 30 | 81 | 102.50 | 2 | 4 | 0.00 | 0.00 |
| History - European | 0 | 4 | 2 | 0 | 30 | 68 | 91.50 | 1 | 4 | 0.00 | 0.00 |
| Religion | 0 | 3 | 1 | 1 | 25 | 90 | 123.33 | 0 | 3 | 0.00 | 0.00 |
| Fine Arts - Other | 0 | 3 | 1 | 0 | 25 | 126 | 129.67 | 1 | 3 | 0.00 | 0.00 |
| Literature - American | 0 | 3 | 1 | 1 | 25 | 136 | 140.33 | 0 | 3 | 0.00 | 0.00 |
| Literature - European | 0 | 2 | 0 | 0 | 20 | 116 | 132.00 | 0 | 2 | 0.00 | 0.00 |
| Fine Arts - Painting and Sculpture | 0 | 2 | 0 | 0 | 20 | 138 | 140.00 | 0 | 2 | 0.00 | 0.00 |
| Geography | 0 | 2 | 0 | 1 | 20 | 98 | 112.00 | 0 | 2 | 0.00 | 0.00 |
| Current Events | 0 | 2 | 0 | 0 | 20 | 58 | 68.00 | 2 | 2 | 0.00 | 0.00 |
| Mythology | 0 | 2 | 0 | 0 | 20 | 126 | 129.00 | 0 | 2 | 0.00 | 0.00 |
| Science - Chemistry | 0 | 2 | 0 | 1 | 20 | 115 | 118.00 | 1 | 2 | 0.00 | 0.00 |
| Science - Physics | 0 | 2 | 0 | 1 | 20 | 122 | 125.00 | 0 | 2 | 0.00 | 0.00 |
| Science - Other | 0 | 1 | 0 | 0 | 10 | 86 | 86.00 | 0 | 1 | 0.00 | 0.00 |
| Other Academic | 0 | 1 | 1 | 1 | 5 | 112 | 112.00 | 1 | 1 | 0.00 | 0.00 |
| Science - Biology | 0 | 1 | 2 | 0 | 0 | 137 | 137.00 | 0 | 1 | 0.00 | 0.00 |
| Literature - British | 0 | 0 | 0 | 0 | 0 | 0.00 | 0 | 0 | 0.00 | 0.00 | |
| Philosophy | 0 | 0 | 0 | 0 | 0 | 0.00 | 0 | 0 | 0.00 | 0.00 |